Κοινωνιολογική ιστορία του ρεμπέτικου
Saved in:
| Main Author: | |
|---|---|
| Format: | Book |
| Language: | Greek |
| Published: |
Θεσσαλονίκη :
Μπαρμπουνάκης,
[19--]
|
| Subjects: | |
| Tags: |
Add Tag
No Tags, Be the first to tag this record!
|
MARC
| LEADER | 00000cam a2200000 i 4500 | ||
|---|---|---|---|
| 001 | 1/76921 | ||
| 008 | 960523q19601988gr | ||| |||| ||gre|| | ||
| 035 | |a 1988 |b 2 |c Αγορά/Τσαφταρίδης |l 10032534 | ||
| 040 | |a GR-MY-UA |b gre |e aacr | ||
| 041 | 0 | |a gre | |
| 082 | 0 | |a 781.628 |2 (20) | |
| 100 | 1 | |a Κωνσταντινίδου, Μαρία. | |
| 245 | 1 | 0 | |a Κοινωνιολογική ιστορία του ρεμπέτικου / |c Μαρία Κωνσταντινίδου |
| 260 | |a Θεσσαλονίκη : |b Μπαρμπουνάκης, |c [19--] | ||
| 300 | |a 205 σ. | ||
| 505 | 0 | |a Παράρτημα Ι: Οι καταβολές του Ρεμπέτικου. - Παράρτημα ΙΙ: Φωτογραφικό υλικό. Ρεμπέτικα τραγούδια. | |
| 650 | 0 | 0 | |a Rebetika |x History and criticism. |
| 650 | 0 | 0 | |a Music |x Social aspects |z Greece. |
| 650 | 0 | 0 | |a Popular music |z Greece. |
| 852 | |a INST |b RHODES |e 19960523 |h 781.628 ΚΩΝ |p 005400003168 |q 005400003168 |t BK |y 0 | ||
| 909 | |a Ρ |b 011602 | ||